Štatistické riadenie kvality - Indexy spôsobilosti Taguchiho stratová funkcia

Salvato in:
Dettagli Bibliografici
Autore principale: Hrnčiarová, Ľubica
Natura: Capitolo di libro
Lingua:slovacco
Tags: Aggiungi Tag
Nessun Tag, puoi essere il primo ad aggiungerne!!

MARC

LEADER 00000naa$a2200000$$$4500
001 0089783
005 20240502072012.8
041 0 |a slo 
044 |a SK 
245 1 0 |a Štatistické riadenie kvality - Indexy spôsobilosti Taguchiho stratová funkcia  |c Ľubica Hrnčiarová 
100 1 |a Hrnčiarová, Ľubica